00000000nam 2200000zi 4500
0019.950157
003CaOODSP
00520250821105800
006m     o  d f      
007cr cn|||||||||
008250415t20252025onc     o    f000 0 fre d
020 |a9780660769394
040 |aCaOODSP|bfre|erda|cCaOODSP
043 |an-cn---
0861 |aH149-34/2-2025F-PDF|zH149-34/2-2025F
24503|aLa Loi sur le tabac et les produits de vapotage (LTPV) : |bles produits de vapotage et les jeunes.
24610|aProduits de vapotage et les jeunes
264 1|a[Ottawa] : |bSanté Canada = Health Canada, |c[2025]
264 4|c©2025
300 |a1 ressource en ligne (2 pages)
336 |atexte|btxt|2rdacontent/fre
337 |ainformatique|bc|2rdamedia/fre
338 |aressource en ligne|bcr|2rdacarrier/fre
500 |aTitre de départ.
500 |aLe numéro de catalogue (H149-34/2-2025F) imprimé dans cette publication est incorrect.
500 |aPublié aussi en anglais sous le titre : The Tobacco and Vaping Products Act (TVPA) : vaping products and young persons.
520 |a« Les interdictions ci-après établies aux termes de la Loi sur le tabac et les produits de vapotage (LTPV) ont été mises en Ĺ“uvre pour protéger les jeunes contre les incitations à l'usage des produits de vapotage et l'exposition possible à la nicotine et la dépendance à la nicotine découlant de la consommation de produits de vapotage » -- Page [1].
530 |aÉgalement publié en version imprimée.
61016|aCanada. |tLoi sur le tabac et les produits de vapotage.
650 6|aProduits du tabac|xDroit|zCanada.
650 6|aVapotage|xDroit|zCanada.
650 6|aJeunesse|xTabagisme|zCanada.
7101 |aCanada. |bSanté Canada, |eorganisme de publication.
77508|tThe Tobacco and Vaping Products Act (TVPA) : |w(CaOODSP)9.950155
7760#|tLa Loi sur le tabac et les produits de vapotage : |w(CaOODSP)9.950158
85640|qPDF|s157 Ko|uhttps://publications.gc.ca/collections/collection_2025/sc-hc/H149-34-2-2025-fra.pdf
986 |a250019